| 000 | 00874cam a22002415a 4500 | ||
|---|---|---|---|
| 001 | L150810 | ||
| 002 | 17566 | ||
| 008 | 100907s2008 xxk f 000 0 eng d | ||
| 020 | _a9781901171302 | ||
| 035 | _a(Sirsi) u150810 | ||
| 041 | 0 | _aeng | |
| 050 | 0 | 4 | _a692.8 $2 18 |
| 110 | 2 |
_aAssociation of Consultant Architects _91156 |
|
| 245 | 0 | 0 |
_aIntroduction to pricing under PPC2000 _bfor use with ACA project partnering contracts PPC2000 and PPC international |
| 260 |
_aBromley _bACA _c2008 |
||
| 300 |
_a10p. _c30cm. |
||
| 520 | _aProvides information relevant to the two-stage process of pricing a PPC2000 Partnering Contract. Includes references to relevant PPC2000 clauses and answers to typical pricing questions. | ||
| 590 | _aKA | ||
| 650 | 2 | 4 | _aPPC2000 |
| 651 | 4 |
_aEngland and Wales _y1543- |
|
| 690 | _aBUILT ENVIRONMENT-BUILDING CONTRACT FORMS | ||
| 942 | _n0 | ||
| 999 |
_c110985 _d110985 |
||